000 00539nam a2200181Ia 4500
003 GCL
008 140319s9999 xx 000 0 ara d
040 _aGCL /
_cGCL
082 0 4 _a808.543
_bا س
100 1 _aاحمد طلعت البشبيشى
245 1 0 _aالسفاح وعصابة المافيا /
_cاحمد طلعت البشبيشى
260 _a[S.N] :
_bدار المطبوعات الجديدة ،
_c1983
300 _a55 ص
490 _a
650 0 4 _aالاطفال
650 0 4 _aقصص الاطفال
942 _2ddc
_cBK
999 _c54143
_d54143